<?xml version="1.0" encoding="UTF-8"?>
<marc:record xmlns:marc="http://www.loc.gov/MARC21/slim">
   <marc:leader>00000nam a2200000 a 4500</marc:leader>
   <marc:datafield ind1="1" ind2=" " tag="100">
      <marc:subfield code="a">Puchbauer-Schnabel, Konrad</marc:subfield>
      <marc:subfield code="4">aut</marc:subfield>
      <marc:subfield code="e">Verfasser/-in</marc:subfield>
   </marc:datafield>
   <marc:datafield ind1=" " ind2=" " tag="653">
      <marc:subfield code="a">Ratgeber</marc:subfield>
   </marc:datafield>
   <marc:datafield ind1=" " ind2=" " tag="653">
      <marc:subfield code="a">Pädagogik</marc:subfield>
   </marc:datafield>
   <marc:datafield ind1=" " ind2=" " tag="653">
      <marc:subfield code="a">ADHS</marc:subfield>
   </marc:datafield>
   <marc:datafield ind1="0" ind2="0" tag="245">
      <marc:subfield code="a">Verhaltensstörungen ganzheitlich beheben</marc:subfield>
   </marc:datafield>
   <marc:datafield ind1="0" ind2="0" tag="245">
      <marc:subfield code="b">Aggressionen, Wutanfälle, Überaktivität, Konzentrations- und Gedächtnisschwäche, Reverse erkennen und behandeln</marc:subfield>
   </marc:datafield>
   <marc:datafield ind1=" " ind2="1" tag="264">
      <marc:subfield code="b">WLV Waldviertler Lehrmittelverlag</marc:subfield>
      <marc:subfield code="c">1998</marc:subfield>
   </marc:datafield>
   <marc:datafield ind1="1" ind2=" " tag="520">
      <marc:subfield code="a">Symptome und Therapie-Empfehlungen:
- Ablenkbarkeit erhöht
- Aggressionen
- Allergien
- Angst =&gt; Berührungsangst
- Autistisches Verhalten
- Bettnässen
- Bewegungsdrang
- Blähungen
- Depressionen
- Ernährungsmängel (Frühstück, Jause)
- Introvertiertheit
- Kontaktarmut
- Konzentrations- und Gedächtnisstörung
- Koordinationsschwäche
- Motorikschwäche
- Nervosität (innere Unruhe)
- Redefluss
- Reverse
- Säure-Base-Verschiebungen (ph-Wert)
- Schlafschwäche
- Selbstbeherrschungens-Schwäche
- Sprachschwäche
- Stoffwechsel-Störungen
- Störfaktoren und Störfelder
- Ticks (Muskelzuckungen)
- Wahrnehmungsschwäche
- Weinerlichkeit
- Wutanfälle</marc:subfield>
   </marc:datafield>
   <marc:datafield ind1=" " ind2=" " tag="020">
      <marc:subfield code="a">9783901777127</marc:subfield>
      <marc:subfield code="9">9783901777127</marc:subfield>
   </marc:datafield>
</marc:record>
